[Event "Hofheim Spring op-B 3rd"]
[Site "Hofheim"]
[Date "2015.04.09"]
[Round "4"]
[White "Ruehl, Alexander"]
[Black "Martino, Eugenio"]
[Result "0-1"]
[WhiteElo "1305"]
[BlackElo "1607"]
[PlyCount "92"]
[EventDate "2015.04.07"]
[EventType "swiss"]
[EventRounds "9"]
[EventCountry "GER"]
[SourceTitle "CBM 166 Extra"]
[Source "ChessBase"]
[SourceDate "2015.06.18"]
[SourceVersion "1"]
[SourceVersionDate "2015.06.18"]
[SourceQuality "1"]

1. e4 c5 2. Nf3 d6 3. d4 cxd4 4. Nxd4 Nf6 5. Nc3 g6 6. Be3 Bg7 7. Bb5+ Bd7 8. Bxd7+ Nbxd7 9. h3 Nb6 10. 0-0 0-0 11. Qe2 Rc8 12. Rfd1 Rxc3 13. bxc3 Nxe4 14. Qd3 Nc5 15. Qe2 Nd5 16. Bd2 Na4 17. Qf3 e6 18. Rab1 Nc5 19. a3 Qe7 20. Re1 Nb6 21. Nb5 Nc4 22. Be3 Nxe3 23. Rxe3 a6 24. Nd4 e5 25. Nb3 Na4 26. Re4 b5 27. c4 f5 28. Ree1 e4 29. cxb5 axb5 30. Re3 Qc7 31. Qe2 Nc3 32. Rxc3 Qxc3 33. Qd2 Qxd2 34. Nxd2 Rc8 35. Rxb5 Rxc2 36. Rd5 Be5 37. Kf1 Kf7 38. Ke1 Rc1+ 39. Ke2 Ke6 40. Nb3 Rg1 41. Rd1 Rxg2 42. a4 Rh2 43. Rg1 Rxh3 44. Rg3 Bxg3 45. a5 Bxf2 46. Kxf2 Rxb3 0-1

[Event "Hofheim Spring op-B 3rd"]
[Site "Hofheim"]
[Date "2015.04.08"]
[Round "3"]
[White "Roessler, Jens Hagen"]
[Black "Ruehl, Alexander"]
[Result "1/2-1/2"]
[WhiteElo "1664"]
[BlackElo "1305"]
[PlyCount "120"]
[EventDate "2015.04.07"]
[EventType "swiss"]
[EventRounds "9"]
[EventCountry "GER"]
[SourceTitle "CBM 166 Extra"]
[Source "ChessBase"]
[SourceDate "2015.06.18"]
[SourceVersion "1"]
[SourceVersionDate "2015.06.18"]
[SourceQuality "1"]

1. d4 d5 2. Nf3 Nf6 3. c4 c6 4. Nc3 e6 5. Bg5 Nbd7 6. e3 Qa5 7. Be2 Bb4 8. 0-0 Bxc3 9. bxc3 Qxc3 10. cxd5 Nxd5 11. Rc1 Qa5 12. Qb3 h6 13. Bh4 0-0 14. Bg3 N7f6 15. Rc5 Qd8 16. Rfc1 Ne4 17. R5c2 Nxg3 18. hxg3 Qe7 19. Bd3 Qb4 20. Bc4 Qxb3 21. Bxb3 Bd7 22. Ne5 Rfd8 23. Nd3 b6 24. Ne5 Nb4 25. Rc4 b5 26. R4c3 Nd5 27. Rc5 Ne7 28. a4 a6 29. Kf1 Be8 30. f4 g6 31. Kf2 Kg7 32. g4 Kf6 33. Rh1 Kg7 34. g5 hxg5 35. fxg5 Rac8 36. Ng4 Nd5 37. axb5 axb5 38. Bxd5 Rxd5 39. Nf6 Rxc5 40. Rh7+ Kf8 41. dxc5 Ke7 42. Rh1 Ra8 43. Rh8 Ra2+ 44. Kf3 Bd7 45. Ng8+ Kd8 46. Nf6+ Kc7 47. Rh7 b4 48. Rxf7 Rd2 49. Ne4 Rd5 50. Rh7 e5 51. Nf6 Rd2 52. Nxd7 Rxd7 53. Rh1 Rd5 54. Rh7+ Kb8 55. Rh4 Rxc5 56. Rxb4+ Kc7 57. Ke4 Kd6 58. Ra4 Rc2 59. g3 Rg2 60. Kf3 Rb2 1/2-1/2

[Event "Rheinhessen-ch U14"]
[Site "Oppenheim"]
[Date "2015.01.06"]
[Round "7"]
[White "Lutterbach, Jakob"]
[Black "Ruehl, Alexander"]
[Result "0-1"]
[WhiteElo "1064"]
[BlackElo "1197"]
[PlyCount "72"]
[EventDate "2015.01.03"]
[EventType "swiss"]
[EventRounds "7"]
[EventCountry "GER"]
[SourceTitle "EXT 2017"]
[Source "ChessBase"]
[SourceDate "2016.10.25"]
[SourceVersion "1"]
[SourceVersionDate "2016.10.25"]
[SourceQuality "1"]

1. e4 e5 2. Nf3 Nc6 3. Bc4 Bc5 4. Nc3 Nf6 5. d3 h6 6. Be3 Bb6 7. 0-0 d6 8. h3 0-0 9. Qd2 Be6 10. Bb3 d5 11. Bxb6 axb6 12. Rad1 Re8 13. Rfe1 Qd6 14. Qe2 d4 15. Nb5 Qd7 16. Na3 Kh8 17. Nc4 Bxc4 18. Bxc4 Kg8 19. c3 Rad8 20. cxd4 Nxd4 21. Nxd4 exd4 22. Rc1 c5 23. Qc2 Qc7 24. Qb3 Re7 25. Rf1 Rd6 26. Rfe1 Nd7 27. e5 Nxe5 28. Re2 Nxc4 29. Rxe7 Qxe7 30. Qxc4 Rg6 31. Rd1 Rf6 32. Qc2 Rg6 33. Qd2 Qe6 34. b3 Qxh3 35. f3 Qxf3 36. Re1 Rg3 0-1

[Event "Rheinhessen-ch U14"]
[Site "Oppenheim"]
[Date "2015.01.06"]
[Round "5"]
[White "Ruehl, Alexander"]
[Black "Maus, Julian"]
[Result "1/2-1/2"]
[WhiteElo "1197"]
[BlackElo "1146"]
[PlyCount "147"]
[EventDate "2015.01.03"]
[EventType "swiss"]
[EventRounds "7"]
[EventCountry "GER"]
[SourceTitle "EXT 2017"]
[Source "ChessBase"]
[SourceDate "2016.10.25"]
[SourceVersion "1"]
[SourceVersionDate "2016.10.25"]
[SourceQuality "1"]

1. e4 c5 2. Nf3 Nc6 3. Bb5 Nf6 4. Bxc6 bxc6 5. Nc3 d5 6. e5 Nd7 7. 0-0 e6 8. d3 Be7 9. Re1 0-0 10. Bd2 Qc7 11. Qe2 Rb8 12. b3 h6 13. h3 d4 14. Na4 Nb6 15. Nb2 Nd5 16. Nc4 Ba6 17. Rab1 Bxc4 18. bxc4 Nb4 19. Bxb4 cxb4 20. Nxd4 c5 21. Nb3 Qc6 22. Nd2 Qa4 23. Ne4 Rb7 24. Kh1 Qxa2 25. Ra1 Qb2 26. Nd2 Qxc2 27. Rec1 Qb2 28. Qe4 Rd7 29. Rd1 Qd4 30. Qxd4 cxd4 31. Nb3 Rc8 32. Re1 Bc5 33. Ra5 Be7 34. Re4 Rcd8 35. Kg1 Kh7 36. Kf1 g5 37. Ke1 Kg6 38. g4 h5 39. Kd2 h4 40. Kc2 Kg7 41. Nc5 Bxc5 42. Rxc5 Rb8 43. Kb3 a6 44. Rc6 Kf8 45. Rxa6 Ke8 46. Ra4 Ke7 47. Rxb4 Rxb4+ 48. Kxb4 Rb7+ 49. Kc5 Rb2 50. Kxd4 Rxf2 51. Re3 Rf4+ 52. Re4 Rf3 53. Re3 Rf4+ 54. Kc3 Kd7 55. Kb4 Kc6 56. Kb3 Kc5 57. Kc3 Rf1 58. d4+ Kc6 59. Kb4 Rf4 60. Rd3 Rf1 61. d5+ exd5 62. cxd5+ Kd7 63. Re3 Rb1+ 64. Rb3 Re1 65. Rf3 Rxe5 66. Rxf7+ Kd6 67. Kc4 Re4+ 68. Kd3 Re5 69. Kc4 Re4+ 70. Kd3 Re5 71. Rf3 Kxd5 72. Kd2 Kd4 73. Rd3+ Ke4 74. Re3+ 1/2-1/2

[Event "Rheinhessen-ch U12"]
[Site "Heidesheim"]
[Date "2014.01.07"]
[Round "7"]
[White "Dittenberger, Svenja"]
[Black "Ruehl, Alexander"]
[Result "0-1"]
[WhiteElo "829"]
[BlackElo "835"]
[PlyCount "50"]
[EventDate "2014.01.04"]
[EventType "swiss"]
[EventRounds "7"]
[EventCountry "GER"]
[SourceTitle "EXT 2015"]
[Source "ChessBase"]
[SourceDate "2014.11.20"]
[SourceVersion "1"]
[SourceVersionDate "2014.11.20"]
[SourceQuality "1"]

1. e4 e5 2. Nf3 Nc6 3. Bc4 f5 4. Nc3 fxe4 5. Nxe4 d5 6. Bb5 dxe4 7. Nxe5 Qf6 8. Qh5+ g6 9. Ng4 Qxf2+ 10. Nxf2 gxh5 11. Nxe4 Bf5 12. Nc5 Bxc2 13. Nxb7 Rb8 14. Bxc6+ Kf7 15. 0-0+ Nf6 16. Bd5+ Kg7 17. Bc6 Be4 18. Bxe4 Nxe4 19. Na5 Bc5+ 20. Kh1 Nf2+ 21. Kg1 Nd3+ 22. Kh1 Rhf8 23. Rd1 Nf2+ 24. Kg1 Nxd1+ 25. Kh1 Rf1# 0-1